[Event "Aragon-chT Preferente Gr I"]
[Site "Aragon"]
[Date "2023.03.04"]
[Round "6.42"]
[White "Anson Casaos, Alejandro"]
[Black "Ballonga Arruebo, Alejandro"]
[Result "1-0"]
[WhiteElo "1759"]
[BlackElo "1656"]
[PlyCount "47"]
[EventDate "2023.01.28"]
[EventType "team-tourn"]
[EventRounds "9"]
[EventCountry "ESP"]
[SourceTitle "EXT 2024"]
[Source "ChessBase"]
[SourceDate "2023.10.10"]
[SourceVersion "1"]
[SourceVersionDate "2023.10.10"]
[SourceQuality "1"]
[WhiteTeam "Helios II"]
[BlackTeam "Shatranj"]
[WhiteTeamCountry "ESP"]
[BlackTeamCountry "ESP"]

1. f4 e5 2. fxe5 d6 3. exd6 Bxd6 4. Nf3 g5 5. g3 h5 6. d4 g4 7. Nh4 Be7 8. Ng2 h4 9. Bf4 Qd5 10. Nc3 Bb4 11. e4 Qxe4+ 12. Qe2 Bf5 13. Nxh4 Qxe2+ 14. Bxe2 Be4 15. 0-0 Bxc2 16. Nd5 Nc6 17. Nxc7+ Kf8 18. Nxa8 Nxd4 19. Bxg4 Nf6 20. Be5 Bc5 21. Bxf6 Nf5+ 22. Kh1 Be4+ 23. Bf3 Rxh4 24. gxh4 1-0

[Event "La Palma Island op"]
[Site "Santa Cruz de La Palma"]
[Date "2022.08.10"]
[Round "7"]
[White "Anson Casaos, Alejandro"]
[Black "Arnaiz Yanes, Miguel Angel"]
[Result "1/2-1/2"]
[WhiteElo "1796"]
[BlackElo "1923"]
[PlyCount "53"]
[EventDate "2022.08.06"]
[EventType "swiss"]
[EventRounds "9"]
[EventCountry "ESP"]
[SourceTitle "CBM 209 Extra"]
[Source "ChessBase"]
[SourceDate "2022.09.30"]
[SourceVersion "1"]
[SourceVersionDate "2022.09.30"]
[SourceQuality "1"]

1. c4 c5 2. Nf3 Nf6 3. Nc3 Nc6 4. e3 e6 5. d4 cxd4 6. exd4 d5 7. Bd3 Be7 8. 0-0 0-0 9. a3 dxc4 10. Bxc4 a6 11. Be3 b5 12. Ba2 Bb7 13. Rc1 Rc8 14. Qe2 b4 15. axb4 Nxb4 16. Bb1 Qa5 17. Ne5 Nbd5 18. Ne4 Nxe3 19. Qxe3 Bxe4 20. Bxe4 Nxe4 21. Qxe4 Rxc1 22. Rxc1 Qd2 23. Rb1 Bd6 24. g3 Rc8 25. Qb7 Rf8 26. Nf3 Qd3 27. Ra1 1/2-1/2

[Event "Aragon-chT Preferente Gr I"]
[Site "Aragon"]
[Date "2022.03.19"]
[Round "8.46"]
[White "Anson Casaos, Alejandro"]
[Black "Garcia Garcia, Enrique"]
[Result "1/2-1/2"]
[WhiteElo "1799"]
[BlackElo "1788"]
[PlyCount "54"]
[EventDate "2022.01.29"]
[EventType "team-tourn"]
[EventRounds "9"]
[EventCountry "ESP"]
[SourceTitle "EXT 2024"]
[Source "ChessBase"]
[SourceDate "2023.10.10"]
[SourceVersion "1"]
[SourceVersionDate "2023.10.10"]
[SourceQuality "1"]
[WhiteTeam "Helios II"]
[BlackTeam "Dr Azua"]
[WhiteTeamCountry "ESP"]
[BlackTeamCountry "ESP"]

1. f4 e5 2. fxe5 d6 3. exd6 Bxd6 4. Nf3 g5 5. g3 g4 6. Nh4 Ne7 7. d4 Ng6 8. Ng2 Bf5 9. Nc3 Nc6 10. e3 h5 11. Bb5 Bd7 12. Qe2 h4 13. Bd2 hxg3 14. 0-0-0 Rxh2 15. Rxh2 gxh2 16. Bxc6 Bxc6 17. Qxg4 Qd7 18. Qxd7+ Bxd7 19. e4 Bg4 20. Rh1 Bf3 21. e5 Bxe5 22. dxe5 Bxg2 23. Rxh2 Bc6 24. Bg5 Kd7 25. Bf6 Ke6 26. Rf2 Nxe5 27. Bxe5 Kxe5 1/2-1/2

[Event "Aragon-chT Preferente"]
[Site "Aragon"]
[Date "2021.05.08"]
[Round "7.36"]
[White "Olivan Lopez, Dario"]
[Black "Anson Casaos, Alejandro"]
[Result "1-0"]
[WhiteElo "1910"]
[BlackElo "1829"]
[PlyCount "176"]
[EventDate "2021.03.13"]
[EventType "team-tourn"]
[EventRounds "9"]
[EventCountry "ESP"]
[SourceTitle "EXT 2024"]
[Source "ChessBase"]
[SourceDate "2023.10.10"]
[SourceVersion "1"]
[SourceVersionDate "2023.10.10"]
[SourceQuality "1"]
[WhiteTeam "Utebo San Lamberto"]
[BlackTeam "Helios II"]
[WhiteTeamCountry "ESP"]
[BlackTeamCountry "ESP"]

1. e4 c6 2. d4 d5 3. exd5 cxd5 4. Bd3 Nf6 5. c3 Nc6 6. Ne2 g6 7. 0-0 Bg7 8. f4 Bf5 9. Ng3 Bxd3 10. Qxd3 e6 11. Nd2 0-0 12. Nf3 a6 13. Ne5 Rc8 14. a4 Na5 15. Be3 Nc4 16. b3 Nd6 17. c4 Nfe4 18. Nxe4 Nxe4 19. c5 a5 20. Rac1 f6 21. Nf3 Rc6 22. Nd2 Nxd2 23. Bxd2 Qc7 24. Qb5 Ra6 25. Rfe1 Rfa8 26. c6 Rxc6 27. Rxc6 bxc6 28. Rc1 cxb5 29. Rxc7 b4 30. Re7 Ra6 31. Kf2 f5 32. Ke3 Bf6 33. Rd7 h5 34. Kd3 Kf8 35. Rb7 Be7 36. Rb8+ Kf7 37. h3 Kf6 38. Be1 Kf7 39. Rb7 Kf8 40. Rc7 Ke8 41. Rc8+ Kf7 42. Rc7 Ke8 43. g4 hxg4 44. hxg4 Bd6 45. Rc8+ Kd7 46. Rg8 fxg4 47. Rxg6 Bxf4 48. Rxg4 Bc7 49. Rg7+ Kc8 50. Rg8+ Kd7 51. Rg7+ Kc8 52. Re7 Bd8 53. Re8 Kd7 54. Rg8 Bf6 55. Rg6 Ke7 56. Rh6 Kf7 57. Rh7+ Kg6 58. Rd7 Kf5 59. Bg3 Rc6 60. Rc7 Ra6 61. Rc5 Bd8 62. Rc8 Bf6 63. Rf8 Kg6 64. Be5 Bxe5 65. dxe5 Kg7 66. Rf4 Rc6 67. Kd4 Kg8 68. Rf3 Kg7 69. Rf6 Kg8 70. Ke3 Rc3+ 71. Kf4 Rxb3 72. Rxe6 d4 73. Kf5 Kf7 74. Rd6 Rf3+ 75. Ke4 Rh3 76. Kxd4 Ke7 77. Ra6 b3 78. Rxa5 b2 79. Rb5 Rh4+ 80. Kd5 Rxa4 81. Rb7+ Ke8 82. Ke6 Ra6+ 83. Kf5 Ra1 84. Rxb2 Rf1+ 85. Ke6 Kd8 86. Ra2 Kc7 87. Ke7 Rh1 88. Rc2+ Kb7 1-0

[Event "Aragon-chT Preferente"]
[Site "Aragon"]
[Date "2021.04.17"]
[Round "5.39"]
[White "Anson Casaos, Alejandro"]
[Black "Moreno Burillo, Marcos Antonio"]
[Result "1/2-1/2"]
[WhiteElo "1829"]
[BlackElo "1586"]
[PlyCount "51"]
[EventDate "2021.03.13"]
[EventType "team-tourn"]
[EventRounds "9"]
[EventCountry "ESP"]
[SourceTitle "EXT 2024"]
[Source "ChessBase"]
[SourceDate "2023.10.10"]
[SourceVersion "1"]
[SourceVersionDate "2023.10.10"]
[SourceQuality "1"]
[WhiteTeam "Helios II"]
[BlackTeam "Delicias II"]
[WhiteTeamCountry "ESP"]
[BlackTeamCountry "ESP"]

1. e4 d6 2. d4 Nf6 3. Nc3 g6 4. h3 Bg7 5. Nf3 0-0 6. Bd3 c6 7. 0-0 Nbd7 8. Ne2 b5 9. c3 Bb7 10. Ng3 a6 11. Re1 c5 12. Bg5 Qc7 13. Qd2 Rfe8 14. Rac1 Rad8 15. Bh6 Qa5 16. Bxg7 Kxg7 17. Bb1 cxd4 18. Nxd4 Ne5 19. Qg5 e6 20. Ndf5+ exf5 21. Nxf5+ Kg8 22. Qxf6 gxf5 23. exf5 Qc7 24. Qg5+ Kh8 25. Qf6+ Kg8 26. Qg5+ 1/2-1/2

[Event "Aragon-chT Preferente Gr II"]
[Site "Aragon"]
[Date "2020.03.07"]
[Round "7.64"]
[White "Vela Frago, Alberto"]
[Black "Anson Casaos, Alejandro"]
[Result "1/2-1/2"]
[WhiteElo "2040"]
[BlackElo "1826"]
[PlyCount "73"]
[EventDate "2020.01.25"]
[EventType "team-tourn"]
[EventRounds "7"]
[EventCountry "ESP"]
[SourceTitle "EXT 2024"]
[Source "ChessBase"]
[SourceDate "2023.10.10"]
[SourceVersion "1"]
[SourceVersionDate "2023.10.10"]
[SourceQuality "1"]
[WhiteTeam "St Casablanca III"]
[BlackTeam "Helios II"]
[WhiteTeamCountry "ESP"]
[BlackTeamCountry "ESP"]

1. c4 e6 2. Nf3 d5 3. e3 Nf6 4. b3 c5 5. g3 Be7 6. Bg2 0-0 7. Bb2 Nc6 8. 0-0 h6 9. cxd5 exd5 10. d4 Bg4 11. h3 Be6 12. Nc3 cxd4 13. Nxd4 Qd7 14. Kh2 Nxd4 15. Qxd4 Rfd8 16. Rfd1 a6 17. Na4 Qd6 18. Nb6 Rab8 19. a4 Qc5 20. Rac1 Qxd4 21. Bxd4 Ne4 22. Be5 Nxf2 23. Bxb8 Nxd1 24. Bc7 Nxe3 25. Bxd8 Bxd8 26. Rc3 Bxb6 27. a5 Bd4 28. Rc7 Nxg2 29. Kxg2 Be3 30. Rxb7 d4 31. Rb8+ Kh7 32. Kf3 Bd2 33. b4 Bc3 34. b5 Bxa5 35. b6 d3 36. b7 Bc7 37. Rd8 1/2-1/2

[Event "Aragon-chT Preferente A"]
[Site "Aragon"]
[Date "2014.02.08"]
[Round "3.39"]
[White "Palomar Ramon, Santiago"]
[Black "Anson Casaos, Alejandro"]
[Result "1-0"]
[WhiteElo "1994"]
[BlackElo "1902"]
[PlyCount "65"]
[EventDate "2014.01.25"]
[EventType "team-tourn"]
[EventRounds "9"]
[EventCountry "ESP"]
[SourceTitle "EXT 2015"]
[Source "ChessBase"]
[SourceDate "2014.11.20"]
[SourceVersion "1"]
[SourceVersionDate "2014.11.20"]
[SourceQuality "1"]
[WhiteTeam "San Jose"]
[BlackTeam "Helios II"]
[WhiteTeamCountry "ESP"]
[BlackTeamCountry "ESP"]

1. e4 c6 2. Nc3 d5 3. Nf3 dxe4 4. Nxe4 Nf6 5. Nxf6+ gxf6 6. d4 Na6 7. c3 Nc7 8. Bf4 Bg4 9. Bd3 Ne6 10. Be3 Ng5 11. h4 Nxf3+ 12. gxf3 Bh5 13. Rg1 e6 14. Be4 h6 15. Qa4 Be7 16. 0-0-0 f5 17. Bxc6+ bxc6 18. Qxc6+ Kf8 19. Rg3 Bd6 20. d5 Rc8 21. Qa6 Bxg3 22. dxe6 Qe8 23. e7+ Kxe7 24. fxg3 Qc6 25. Qa3+ Ke8 26. Bd4 f6 27. Re1+ Kf7 28. Qe7+ Kg6 29. Re6 Qxe6 30. Qxe6 Rhf8 31. g4 fxg4 32. fxg4 Bxg4 33. Qxg4+ 1-0

[Event "Aragon-chT Preferente A"]
[Site "Aragon"]
[Date "2014.01.25"]
[Round "1.35"]
[White "Anson Casaos, Alejandro"]
[Black "Diaz Boils, Ximo"]
[Result "1-0"]
[WhiteElo "1902"]
[BlackElo "1975"]
[PlyCount "84"]
[EventDate "2014.01.25"]
[EventType "team-tourn"]
[EventRounds "9"]
[EventCountry "ESP"]
[SourceTitle "EXT 2015"]
[Source "ChessBase"]
[SourceDate "2014.11.20"]
[SourceVersion "1"]
[SourceVersionDate "2014.11.20"]
[SourceQuality "1"]
[WhiteTeam "Helios II"]
[BlackTeam "Santa Isabel"]
[WhiteTeamCountry "ESP"]
[BlackTeamCountry "ESP"]

1. e4 c5 2. Nf3 d6 3. d4 cxd4 4. Nxd4 Nf6 5. Nc3 e6 6. Bg5 a6 7. Qd2 Be7 8. 0-0-0 Qc7 9. Kb1 0-0 10. f4 Nbd7 11. g4 b5 12. Bg2 b4 13. Nce2 Bb7 14. Ng3 Nc5 15. Bxf6 Bxf6 16. g5 Be7 17. f5 e5 18. f6 exd4 19. fxe7 Qxe7 20. Qxd4 Ne6 21. Qxb4 Rab8 22. Qxd6 Qxg5 23. Qd2 Qe5 24. c3 Rfd8 25. Qc2 Rdc8 26. Nf5 Nf4 27. Bf3 Rxc3 28. Rd8+ Rxd8 29. bxc3 g6 30. Nd4 Ne6 31. Nxe6 Qxe6 32. Rd1 Re8 33. Qb3 Bxe4+ 34. Bxe4 Qxe4+ 35. Qc2 Rb8+ 36. Kc1 Qe7 37. Rd2 Qa3+ 38. Kd1 Rc8 39. c4 Qf3+ 40. Kc1 Qf1+ 41. Rd1 Qxc4 42. Rd8+ Rxd8 1-0